Statistics for Can You Name These 20 Random European Countries?

Click here to take the quiz!

General Stats

  • This quiz has been taken 2,837 times
  • The average score is 19 of 20

Answers on the Map

Answers color-coded by a green-red scale on the quiz's map according to % correct below.
 

Answer Stats

Country% Correct
France
100%
Iceland
100%
Ireland
100%
Italy
100%
Norway
100%
Sweden
100%
United Kingdom
100%
Belgium
99%
Germany
99%
Russia
99%
Spain
99%
Finland
98%
Greece
98%
Poland
98%
Portugal
98%
Austria
97%
Denmark
97%
Estonia
97%
Switzerland
97%
Ukraine
97%
Belarus
96%
Netherlands
96%
Latvia
95%
Slovenia
95%
Albania
94%
Czech Republic
94%
Lithuania
94%
Croatia
93%
Moldova
93%
Bosnia and
Herzegovina
92%
Hungary
92%
Luxembourg
92%
North Macedonia
92%
Romania
92%
Slovakia
92%
Bulgaria
91%
Serbia
91%
Kosovo
90%
Montenegro
88%

Score Distribution

Percentile by Number Answered

Percent of People with Each Score

Your Score History

You have not taken this quiz